| 000 | 00657pam a2200229 a 4500 | ||
|---|---|---|---|
| 001 | 2503656 | ||
| 005 | 20180814085908.0 | ||
| 008 | 920401s1992 paua 001 0 eng c | ||
| 010 | _a 92013381 | ||
| 020 | _a0721664741 | ||
| 040 |
_aDNLM/DLC _cDLC _dDLC |
||
| 041 | _aeng | ||
| 060 | _aQY 4 A652 | ||
| 080 | _a616.0756 | ||
| 082 | 0 | 0 |
_a616.0756 _220 |
| 100 | _a3 | ||
| 101 | _aSHM | ||
| 245 | 0 | 0 |
_aApplied laboratory medicine / _ceditor, Norbert W. Tietz ; associate editors, Rex B. Conn, Elizabeth L. Pruden. |
| 504 | _aIncludes bibliographical references and index. | ||
| 906 |
_a7 _bcbu _corignew _d1 _eocip _f19 _gy-gencatlg |
||
| 942 |
_2ddc _cBK |
||
| 999 |
_c47171 _d47171 |
||